000 00519nam a2200193Ia 4500
008 151121s9999||||xx |||||||||||||| ||und||
082 _a001/Gho
082 _bHNW-62322
100 _aGhosh Vijaya- Edi।
245 _aLimca: Book Of Records-1993
260 _b"Bisleri Beverages Ltd।, Bombay।"
260 _c--
300 _a296
600 _aGhosh Vijaya- Edi।
630 _aLimca: Book Of Records-1993
700 _aGhosh Vijaya- Edi।
730 _aLimca: Book Of Records-1993
942 _cBOOK
999 _c1243861
_d1243858